Online
Catalog

Población y energía en la República Dominicana 1990-2000 / (Record no. 2891)

MARC details
000 -CABECERA
campo de control de longitud fija 00994nam a2200253 u 4500
001 - NÚMERO DE CONTROL
campo de control 000003060
005 - FECHA Y HORA DE LA ÚLTIMA TRANSACCIÓN
campo de control 20200929150323.0
008 - DATOS DE LONGITUD FIJA--INFORMACIÓN GENERAL
campo de control de longitud fija 090706s1985 dr a r 001 0 spa d
040 ## - FUENTE DE LA CATALOGACIÓN
Centro catalogador/agencia de origen DO-SdBNP
Lengua de catalogación spa
Centro/agencia transcriptor BNPHU
082 ## - NÚMERO DE LA CLASIFICACIÓN DECIMAL DEWEY
Número de clasificación 333.79
Número de documento/Ítem G633p
100 1# - ENTRADA PRINCIPAL--NOMBRE DE PERSONA
Nombre de persona Gómez, Carmen
9 (RLIN) 9663
245 10 - MENCIÓN DE TÍTULO
Título Población y energía en la República Dominicana 1990-2000 /
Mención de responsabilidad, etc. Carmen Gómez, Antonio Tatis.
260 ## - PUBLICACIÓN, DISTRIBUCIÓN, ETC.
Lugar de publicación, distribución, etc. Santo Domingo :
Nombre del editor, distribuidor, etc. Instituto de Estudios de Población y Desarrollo,
Fecha de publicación, distribución, etc. 1985.
300 ## - DESCRIPCIÓN FÍSICA
Extensión 85 p. :
Otras características físicas il. ;
Dimensiones 27 cm.
490 0# - MENCIÓN DE SERIE
Mención de serie Estudio
Designación de volumen o secuencia 4
500 ## - NOTA GENERAL
Nota general Incluye notas al pie de las paginas
504 ## - NOTA DE BIBLIOGRAFÍA, ETC.
Nota de bibliografía, etc. Incluye bibliografía (p.85 -86)
505 0# - NOTA DE CONTENIDO CON FORMATO
Nota de contenido con formato Incluye índice
650 #4 - PUNTO DE ACCESO ADICIONAL DE MATERIA--TÉRMINO DE MATERIA
Término de materia o nombre geográfico como elemento de entrada Demanda de energía eléctrica
Subdivisión geográfica República Dominicana
Subdivisión general Estadisticas
9 (RLIN) 9664
650 #4 - PUNTO DE ACCESO ADICIONAL DE MATERIA--TÉRMINO DE MATERIA
Término de materia o nombre geográfico como elemento de entrada Producción de energía eléctrica
Subdivisión geográfica República Dominicana
Subdivisión general Estadisticas
9 (RLIN) 9665
650 #4 - PUNTO DE ACCESO ADICIONAL DE MATERIA--TÉRMINO DE MATERIA
Término de materia o nombre geográfico como elemento de entrada Recursos energéticos
Subdivisión geográfica República Dominicana
Subdivisión general Estadisticas
9 (RLIN) 9666
700 1# - PUNTO DE ACCESO ADICIONAL--NOMBRE DE PERSONA
Nombre de persona Tatis, Antonio
9 (RLIN) 9667
830 #0 - PUNTO DE ACCESO ADICIONAL DE SERIE-TÍTULO UNIFORME
Título uniforme Estudio
Número de parte o sección de la obra 4
9 (RLIN) 9668
Holdings
Estado de retiro Estado de pérdida No para préstamo Código de colección Localización permanente Ubicación/localización actual Ubicación en estantería Fecha de adquisición Número de inventario Total de préstamos Signatura topográfica completa Código de barras Fecha visto por última vez Precio válido a partir de Tipo de ítem Koha
    Excluido de préstamo Patrimonio Dominicano Patrimonio Dominicano Patrimonio Dominicano En catalogación 06.07.2009 LF1   333.79 G633p 3060-10 25.06.2020 25.06.2020 Libro y Folleto Colección Patrimonio Dominicano

Powered by Koha